[Event "GER-ch Seniors 65 36th"]
[Site "Bad Wildungen"]
[Date "2024.08.31"]
[Round "9"]
[White "Simon, Ralf Axel"]
[Black "Ruether, Rudolf"]
[Result "0-1"]
[WhiteElo "2003"]
[BlackElo "2065"]
[PlyCount "123"]
[EventDate "2024.08.25"]
[EventType "swiss"]
[EventRounds "9"]
[EventCountry "GER"]
[SourceTitle "CBM 221 Extra"]
[Source "ChessBase"]
[SourceDate "2024.09.30"]
[SourceVersion "1"]
[SourceVersionDate "2024.09.30"]
[SourceQuality "1"]

1. Nf3 d5 2. e3 Nf6 3. c4 e6 4. b3 Be7 5. Bb2 0-0 6. Nc3 b6 7. cxd5 exd5 8. Rc1 Bb7 9. d4 Nbd7 10. Bd3 Re8 11. 0-0 c5 12. Ne2 Bd6 13. Ng3 g6 14. Qe2 Qe7 15. Ba6 Bc6 16. Bb5 Rac8 17. Rfd1 h5 18. Ba1 Bxb5 19. Qxb5 Rc7 20. dxc5 bxc5 21. Bxf6 Nxf6 22. Qd3 Rd8 23. Ne2 Qe6 24. g3 Be7 25. Kg2 Ne4 26. Nf4 Qb6 27. Nxd5 Rxd5 28. Qxd5 Nf6 29. Qc4 Qb7 30. Qe2 h4 31. Rc4 hxg3 32. hxg3 Ne4 33. Rh1 Ng5 34. e4 Ne6 35. Qe3 Bf6 36. Kg1 Rd7 37. Rc1 Qa6 38. e5 Bg7 39. a4 Rd3 40. Qe2 Ng5 41. Nxg5 Rxg3+ 42. Kf1 Qxe2+ 43. Kxe2 Rxg5 44. Rxc5 Bxe5 45. Rd1 Rf5 46. Rd8+ Kg7 47. Ra8 Rxf2+ 48. Ke3 Rf5 49. Ke4 f6 50. Rxa7+ Kh6 51. Rb7 Rf4+ 52. Ke3 Rf1 53. a5 Ra1 54. b4 g5 55. Ke4 g4 56. Rc2 g3 57. Rb6 Kg5 58. a6 Kg4 59. b5 Ra4+ 60. Kd5 Bd4 61. Rb7 Bf2 62. Rh7 0-1

[Event "GER-ch Seniors 65 36th"]
[Site "Bad Wildungen"]
[Date "2024.08.28"]
[Round "6"]
[White "Behrens, Harald"]
[Black "Ruether, Rudolf"]
[Result "1/2-1/2"]
[WhiteElo "2206"]
[BlackElo "2065"]
[PlyCount "52"]
[EventDate "2024.08.25"]
[EventType "swiss"]
[EventRounds "9"]
[EventCountry "GER"]
[SourceTitle "CBM 221 Extra"]
[Source "ChessBase"]
[SourceDate "2024.09.30"]
[SourceVersion "1"]
[SourceVersionDate "2024.09.30"]
[SourceQuality "1"]

1. d4 Nf6 2. Nf3 e6 3. g3 d5 4. Bg2 Be7 5. 0-0 0-0 6. c4 dxc4 7. Qa4 a6 8. Qxc4 b5 9. Qc2 Bb7 10. Nc3 Nbd7 11. a3 c5 12. dxc5 Bxc5 13. Bg5 h6 14. Bxf6 Nxf6 15. Rad1 Qb6 16. Ne5 Bxg2 17. Kxg2 Rfd8 18. e3 Rac8 19. Rxd8+ Rxd8 20. Rd1 Rxd1 21. Qxd1 Qc7 22. Nf3 Bxa3 23. Nxb5 axb5 24. bxa3 Qc6 25. Qd8+ Kh7 26. Qd3+ g6 1/2-1/2

[Event "GER-ch Seniors 65 36th"]
[Site "Bad Wildungen"]
[Date "2024.08.27"]
[Round "5"]
[White "Ruether, Rudolf"]
[Black "Scharff, Klaus"]
[Result "1-0"]
[WhiteElo "2065"]
[BlackElo "1949"]
[PlyCount "94"]
[EventDate "2024.08.25"]
[EventType "swiss"]
[EventRounds "9"]
[EventCountry "GER"]
[SourceTitle "CBM 221 Extra"]
[Source "ChessBase"]
[SourceDate "2024.09.30"]
[SourceVersion "1"]
[SourceVersionDate "2024.09.30"]
[SourceQuality "1"]

1. d4 e6 2. Nf3 d6 3. g3 Nd7 4. Bg2 h6 5. c4 g5 6. h3 Bg7 7. e4 Ne7 8. Nc3 a6 9. 0-0 0-0 10. b3 f5 11. exf5 exf5 12. Bb2 Ng6 13. Qd2 Nf6 14. Rae1 g4 15. hxg4 fxg4 16. Nh2 h5 17. Ne4 c6 18. d5 Nxe4 19. Bxe4 Ne5 20. dxc6 bxc6 21. Bxe5 dxe5 22. Qxd8 Rxd8 23. Bxc6 Rb8 24. Rd1 Rxd1 25. Rxd1 Bb7 26. Bxb7 Rxb7 27. Rd5 Kf7 28. Kf1 Ke6 29. Ke2 Bh6 30. f3 Kf5 31. fxg4+ hxg4 32. Rd6 Bc1 33. Rxa6 Rd7 34. Nf1 Ke4 35. Ra5 Rc7 36. Ra8 Rd7 37. Ra4 Kd4 38. Ra5 Re7 39. Rd5+ Ke4 40. Rd1 Bg5 41. c5 Ra7 42. a4 Rb7 43. Rd3 Kf5 44. Rd6 Rb6 45. Kd3 Bd8 46. Re6 Bc7 47. b4 Rxe6 1-0

[Event "Oberliga Ost-B 2324"]
[Site "Germany"]
[Date "2024.01.13"]
[Round "4.8"]
[White "Ruether, Rudolf"]
[Black "Wohlfart, Paulus"]
[Result "1/2-1/2"]
[WhiteElo "2064"]
[BlackElo "2108"]
[PlyCount "50"]
[EventDate "2023.10.22"]
[EventType "team-tourn"]
[EventRounds "11"]
[EventCountry "GER"]
[SourceTitle "EXT 2025"]
[Source "ChessBase"]
[SourceDate "2024.10.14"]
[SourceVersion "1"]
[SourceVersionDate "2024.10.14"]
[SourceQuality "1"]
[WhiteTeam "Erfurt SK II"]
[BlackTeam "Moerlenbach Birkenau"]
[WhiteTeamCountry "GER"]
[BlackTeamCountry "GER"]

1. d4 d5 2. Nf3 a6 3. g3 Bf5 4. Bg2 e6 5. 0-0 Nf6 6. b3 h6 7. Bb2 Be7 8. c4 0-0 9. Nc3 c6 10. e3 Nbd7 11. Qe2 Bh7 12. Rfd1 b5 13. cxb5 cxb5 14. Ne5 Rc8 15. a3 Qb6 16. Nxd7 Nxd7 17. e4 dxe4 18. Bxe4 Bxe4 19. Nxe4 Nf6 20. Nxf6+ Bxf6 21. d5 exd5 22. Rxd5 Rfe8 23. Qd2 Rcd8 24. Bxf6 Qxf6 25. Rd1 Rxd5 1/2-1/2

[Event "Oberliga Ost-B 2324"]
[Site "Germany"]
[Date "2023.12.03"]
[Round "3.5"]
[White "Kaliski, Erwin"]
[Black "Ruether, Rudolf"]
[Result "1-0"]
[WhiteElo "2192"]
[BlackElo "2074"]
[PlyCount "47"]
[EventDate "2023.10.22"]
[EventType "team-tourn"]
[EventRounds "11"]
[EventCountry "GER"]
[SourceTitle "EXT 2025"]
[Source "ChessBase"]
[SourceDate "2024.10.14"]
[SourceVersion "1"]
[SourceVersionDate "2024.10.14"]
[SourceQuality "1"]
[WhiteTeam "Bad Homburg"]
[BlackTeam "Erfurt SK II"]
[WhiteTeamCountry "GER"]
[BlackTeamCountry "GER"]

1. e4 e6 2. d4 d5 3. Nd2 dxe4 4. Nxe4 Nd7 5. Nf3 Ngf6 6. Ng3 Be7 7. Bd3 0-0 8. 0-0 c5 9. b3 b6 10. Re1 Bb7 11. Qe2 cxd4 12. Nxd4 Nd5 13. Bd2 N7f6 14. Rad1 Qc7 15. Nh5 a6 16. c4 Nb4 17. Nxf6+ Bxf6 18. Bxb4 Bxd4 19. Bxf8 Rxf8 20. Bxh7+ Kxh7 21. Rxd4 Kg8 22. Red1 Bc6 23. Qd3 e5 24. Rd8 1-0

[Event "Oberliga Ost-B 2324"]
[Site "Germany"]
[Date "2023.10.22"]
[Round "1.7"]
[White "Nekhamkis, Genadi"]
[Black "Ruether, Rudolf"]
[Result "0-1"]
[WhiteElo "2083"]
[BlackElo "2055"]
[PlyCount "80"]
[EventDate "2023.10.22"]
[EventType "team-tourn"]
[EventRounds "11"]
[EventCountry "GER"]
[SourceTitle "EXT 2025"]
[Source "ChessBase"]
[SourceDate "2024.10.14"]
[SourceVersion "1"]
[SourceVersionDate "2024.10.14"]
[SourceQuality "1"]
[WhiteTeam "Marburg"]
[BlackTeam "Erfurt SK II"]
[WhiteTeamCountry "GER"]
[BlackTeamCountry "GER"]

1. e4 e6 2. d4 d5 3. e5 c5 4. c3 Nc6 5. Nf3 Qb6 6. a3 c4 7. Nbd2 Na5 8. g3 Bd7 9. h4 Ne7 10. Bh3 0-0-0 11. Ng5 Be8 12. Qf3 g6 13. Qf6 Rg8 14. Nxf7 Bxf7 15. Qxf7 Kd7 16. Rb1 Bg7 17. Qf3 Rdf8 18. Qe2 Rf7 19. 0-0 Rgf8 20. f4 Nf5 21. Bxf5 gxf5 22. b3 cxb3 23. Nxb3 Nxb3 24. Qd1 Kc8 25. Rxb3 Qc6 26. Bd2 Rc7 27. Qc2 Rg8 28. Rfb1 Bh6 29. Kh2 Rg4 30. Rb5 Bf8 31. a4 Rcg7 32. Be1 Qe8 33. c4 dxc4 34. Qxc4+ Kb8 35. d5 exd5 36. Qxd5 Qc8 37. Qb3 Qc6 38. Rb2 Bc5 39. Rc2 Rxh4+ 40. gxh4 Bg1+ 0-1

[Event "WchT Seniors 50"]
[Site "Dresden"]
[Date "2018.07.07"]
[Round "1.5"]
[White "Ruether, Rudolf"]
[Black "Yahiaoui, Abdelkrim"]
[Result "1-0"]
[WhiteElo "2118"]
[BlackElo "2106"]
[PlyCount "103"]
[EventDate "2018.07.07"]
[EventType "team-swiss"]
[EventRounds "9"]
[EventCountry "GER"]
[SourceTitle "CBM 185 Extra"]
[Source "ChessBase"]
[SourceDate "2018.07.29"]
[SourceVersion "1"]
[SourceVersionDate "2018.07.29"]
[SourceQuality "1"]
[WhiteTeam "Thueringen"]
[BlackTeam "Algeria"]
[WhiteTeamCountry "GER"]
[BlackTeamCountry "ALG"]

1. d4 e6 2. c4 d5 3. Nc3 Nf6 4. Bg5 Be7 5. e3 c6 6. Nf3 Nbd7 7. cxd5 exd5 8. Bd3 Nf8 9. Qc2 Ng6 10. 0-0 0-0 11. Rfe1 Re8 12. Rab1 Bd7 13. b4 a6 14. a4 Ne4 15. Bxe7 Qxe7 16. b5 axb5 17. axb5 Nxc3 18. Qxc3 Qd6 19. bxc6 Bxc6 20. Bxg6 hxg6 21. Ne5 Ra6 22. g3 Rea8 23. Rec1 Ra3 24. Qc5 Qxc5 25. Rxc5 Ra1 26. Rxa1 Rxa1+ 27. Kg2 Ra6 28. Nxc6 bxc6 29. Rc2 Kf8 30. Rb2 Ra7 31. Rb8+ Ke7 32. Rg8 Kf6 33. h4 Re7 34. Rc8 Re6 35. Rc7 Rd6 36. f4 Ke6 37. Kf3 f5 38. Rxg7 Kf6 39. Rc7 Re6 40. Rd7 Re7 41. Rxe7 Kxe7 42. g4 fxg4+ 43. Kxg4 Kf6 44. h5 gxh5+ 45. Kxh5 Kf5 46. Kh4 Ke4 47. Kg3 Kxe3 48. f5 Kxd4 49. f6 c5 50. f7 c4 51. f8Q c3 52. Qa3 1-0

[Event "GER T260-E92-S email"]
[Site "GER email"]
[Date "2017.05.16"]
[Round "?"]
[White "Ruether, Rudolf"]
[Black "Offenborn, Heinz"]
[Result "1/2-1/2"]
[WhiteElo "1953"]
[BlackElo "2112"]
[PlyCount "53"]
[EventDate "2017.05.20"]
[EventType "tourn (corr)"]
[EventRounds "8"]
[EventCountry "GER"]
[SourceTitle "Corr 2020"]
[Source "ChessBase"]
[SourceDate "2019.09.30"]
[SourceVersion "1"]
[SourceVersionDate "2019.09.30"]
[SourceQuality "1"]

1. d4 Nf6 2. c4 g6 3. Nc3 Bg7 4. e4 d6 5. Nf3 0-0 6. Be2 e5 7. dxe5 dxe5 8. Qxd8 Rxd8 9. Bg5 Re8 10. Nd5 Nxd5 11. cxd5 c6 12. Bc4 cxd5 13. Bxd5 Nd7 14. Nd2 Nc5 15. 0-0-0 Be6 16. Bxe6 Nxe6 17. Be3 b6 18. Kb1 Rac8 19. Rc1 Bf8 20. Rxc8 Rxc8 21. Rc1 Rd8 22. Rc6 Bc5 23. Kc2 Bxe3 24. fxe3 Kg7 25. Nc4 Nc5 26. Nxe5 Re8 27. Nf3 1/2-1/2

[Event "GER T253-A48-S email"]
[Site "GER email"]
[Date "2017.03.18"]
[Round "?"]
[White "Richter, Wolfgang"]
[Black "Ruether, Rudolf"]
[Result "1/2-1/2"]
[WhiteElo "2060"]
[BlackElo "1953"]
[PlyCount "50"]
[EventDate "2017.03.22"]
[EventType "tourn (corr)"]
[EventRounds "8"]
[EventCountry "GER"]
[SourceTitle "Corr 2020"]
[Source "ChessBase"]
[SourceDate "2019.09.30"]
[SourceVersion "1"]
[SourceVersionDate "2019.09.30"]
[SourceQuality "1"]

1. d4 Nf6 2. Nf3 g6 3. Bf4 Bg7 4. e3 0-0 5. h3 d6 6. Be2 b6 7. 0-0 Bb7 8. c4 Nbd7 9. Nc3 Ne4 10. Nxe4 Bxe4 11. Bg3 c5 12. Qd2 Rc8 13. Rac1 Nf6 14. d5 Bf5 15. Bd3 Bxd3 16. Qxd3 Nh5 17. Rc2 Nxg3 18. fxg3 a6 19. g4 Rb8 20. Rcf2 b5 21. cxb5 axb5 22. Ng5 Bf6 23. Ne4 Be5 24. Ng5 Bf6 25. Ne4 Be5 1/2-1/2

[Event "GER T253-A48-S email"]
[Site "GER email"]
[Date "2017.03.18"]
[Round "?"]
[White "Ruether, Rudolf"]
[Black "Fritsche, Frank"]
[Result "1/2-1/2"]
[WhiteElo "1953"]
[BlackElo "2137"]
[PlyCount "104"]
[EventDate "2017.03.22"]
[EventType "tourn (corr)"]
[EventRounds "8"]
[EventCountry "GER"]
[SourceTitle "Corr 2020"]
[Source "ChessBase"]
[SourceDate "2019.09.30"]
[SourceVersion "1"]
[SourceVersionDate "2019.09.30"]
[SourceQuality "1"]

1. d4 Nf6 2. Nf3 g6 3. Bf4 Bg7 4. e3 0-0 5. Be2 d6 6. 0-0 b6 7. h3 Nbd7 8. Nbd2 Bb7 9. c3 e6 10. Bh2 Qe7 11. a4 a5 12. b4 e5 13. Qb3 exd4 14. Nxd4 Rfc8 15. Rfd1 Bd5 16. Bc4 Bxc4 17. Qxc4 axb4 18. Nc6 Qe8 19. cxb4 Nb8 20. Nxb8 Rcxb8 21. a5 Nd7 22. Rac1 bxa5 23. Qxc7 axb4 24. Qxd6 Nf6 25. Qd4 Rb5 26. Qc4 Nd5 27. Ne4 Nb6 28. Qe2 Rba5 29. Qf3 b3 30. Nf6+ Bxf6 31. Qxf6 Rb5 32. Rb1 Nd5 33. Qd4 Rc8 34. Rxb3 Rxb3 35. Qxd5 Rb5 36. Qd4 h5 37. Bf4 g5 38. Bg3 h4 39. Bd6 Rd8 40. Qf6 Rd7 41. Rc1 Qd8 42. Be5 Qxf6 43. Bxf6 Rd6 44. Bd4 Ra5 45. Rc8+ Kh7 46. Rh8+ Kg6 47. f4 gxf4 48. Rxh4 fxe3 49. Bxe3 Rd1+ 50. Kf2 Ra2+ 51. Kg3 Rf1 52. Rf4 Rxf4 1/2-1/2

[Event "GER T253-A48-S email"]
[Site "GER email"]
[Date "2017.03.18"]
[Round "?"]
[White "Ruether, Rudolf"]
[Black "Richter, Wolfgang"]
[Result "1/2-1/2"]
[WhiteElo "1953"]
[BlackElo "2060"]
[PlyCount "84"]
[EventDate "2017.03.22"]
[EventType "tourn (corr)"]
[EventRounds "8"]
[EventCountry "GER"]
[SourceTitle "Corr 2020"]
[Source "ChessBase"]
[SourceDate "2019.09.30"]
[SourceVersion "1"]
[SourceVersionDate "2019.09.30"]
[SourceQuality "1"]

1. d4 Nf6 2. Nf3 g6 3. Bf4 Bg7 4. e3 0-0 5. Be2 d6 6. 0-0 c5 7. c3 Qb6 8. Nbd2 Be6 9. Ng5 Bd7 10. Nc4 Qc6 11. h3 h6 12. Nf3 b5 13. Ncd2 a5 14. c4 b4 15. d5 Qc7 16. Bh2 e5 17. e4 a4 18. Ne1 a3 19. b3 Qd8 20. Nd3 Re8 21. Qc2 Bc8 22. Rae1 Ra7 23. Qd1 h5 24. g4 h4 25. Bf3 Nbd7 26. Bg2 g5 27. Re2 Nf8 28. f3 Ng6 29. Rff2 Nf4 30. Re3 Nd7 31. Nf1 Nf8 32. Re1 N8g6 33. Ne3 Nxg2 34. Rxg2 Nf4 35. Nxf4 exf4 36. Nf5 Bc3 37. Rf1 Bxf5 38. gxf5 Kh7 39. Kh1 f6 40. Bg1 Rg7 41. Bf2 Qc7 42. Rfg1 Reg8 1/2-1/2

[Event "Erfurt ST op 26th"]
[Site "Erfurt"]
[Date "2016.12.29"]
[Round "4"]
[White "Jaeger, Andre"]
[Black "Ruether, Rudolf"]
[Result "1/2-1/2"]
[WhiteElo "1945"]
[BlackElo "2109"]
[PlyCount "75"]
[EventDate "2016.12.26"]
[EventType "swiss"]
[EventRounds "8"]
[EventCountry "GER"]
[SourceTitle "EXT 2018"]
[Source "ChessBase"]
[SourceDate "2017.10.13"]
[SourceVersion "1"]
[SourceVersionDate "2017.10.13"]
[SourceQuality "1"]

1. d4 Nf6 2. c4 g6 3. g3 Bg7 4. Bg2 0-0 5. Nc3 d6 6. Nf3 Nbd7 7. 0-0 e5 8. e4 c6 9. h3 Re8 10. Qc2 exd4 11. Nxd4 Nc5 12. Be3 Qe7 13. Rfe1 a5 14. Rad1 Nfd7 15. b3 Nf8 16. Qd2 Nfe6 17. Nde2 Bf8 18. f4 Ng7 19. Bf2 Qc7 20. g4 f5 21. gxf5 gxf5 22. Ng3 Qf7 23. Re2 Be6 24. Rde1 Rad8 25. Bd4 Bd7 26. Kh2 b6 27. Bxg7 Bxg7 28. exf5 Rxe2 29. Rxe2 Qf6 30. Nce4 Nxe4 31. Nxe4 Qxf5 32. Nxd6 Qf8 33. Nb7 Re8 34. Rxe8 Bxe8 35. Nd6 Bh6 36. Kg3 Qg7+ 37. Kh2 Qf8 38. Kg3 1/2-1/2